Information systems requirements (Determination and analysis)
The book provides an introduction to the area of information systems, focusing on the early stages of systems development. It covers the object-oriented approach and the movement to standardization of systems development methods, the information system success and failure. It discusses also the orga...
Sparad:
| Huvudupphovsman: | |
|---|---|
| Materialtyp: | Bok |
| Språk: | Undetermined |
| Publicerad: |
London
McGraw-Hill
1998
|
| Ämnen: | |
| Taggar: |
Lägg till en tagg
Inga taggar, Lägg till första taggen!
|
| Thư viện lưu trữ: | Trung tâm Học liệu Trường Đại học Cần Thơ |
|---|
| LEADER | 00966nam a2200205Ia 4500 | ||
|---|---|---|---|
| 001 | CTU_27221 | ||
| 008 | 210402s9999 xx 000 0 und d | ||
| 020 | |b 80.20Dfl | ||
| 082 | |a 658.4038011 | ||
| 082 | |b F648 | ||
| 100 | |a Donald Flynn | ||
| 245 | 0 | |a Information systems requirements (Determination and analysis) | |
| 245 | 0 | |c Donald Flynn | |
| 260 | |a London | ||
| 260 | |b McGraw-Hill | ||
| 260 | |c 1998 | ||
| 520 | |a The book provides an introduction to the area of information systems, focusing on the early stages of systems development. It covers the object-oriented approach and the movement to standardization of systems development methods, the information system success and failure. It discusses also the organization and social contexts within which information systems and the power and critical systems thinking | ||
| 650 | |a information resources management | ||
| 904 | |i Minh, 981205 | ||
| 980 | |a Trung tâm Học liệu Trường Đại học Cần Thơ | ||